|
|
|
|
| LEADER |
01112nam a2200301 i 4500 |
| 001 |
c000351637 |
| 003 |
CARM |
| 005 |
00000000000000.0 |
| 008 |
751017s1974 enkbcf b 00110 eng |
| 015 |
|
|
|a GB75-09456
|
| 019 |
1 |
|
|a 279160
|z 4090105
|5 LACONCORD2021
|
| 020 |
|
|
|c £5.75
|
| 035 |
|
|
|a (OCoLC)1144144
|5 LACONCORD2021
|
| 043 |
|
|
|a f-mg---
|
| 050 |
0 |
0 |
|a DT469.M32
|b M89
|
| 100 |
1 |
|
|a Mutibwa, Phares Mukasa.
|
| 245 |
1 |
4 |
|a The Malagasy and the Europeans :
|b Madagascar's foreign relations, 1861-1895 /
|c [by] Phares M. Mutibwa.
|
| 260 |
|
|
|a London :
|b Longman,
|c 1974.
|
| 300 |
|
|
|a xvi, 411 p. [8] p. of plates :
|b maps, ports. ;
|c 23 cm.
|
| 490 |
0 |
|
|a lbadan history series
|
| 500 |
|
|
|a Includes index.
|
| 504 |
|
|
|a Bibliography: p. 377-391.
|
| 651 |
|
0 |
|a Madagascar
|x Foreign relations.
|
| 651 |
|
0 |
|a Madagascar
|x Politics and government.
|
| 852 |
8 |
|
|b CARM
|h A1:AO07A0
|i B08109
|p 0359101
|f BK
|
| 082 |
0 |
4 |
|a 327.69/1
|
| 999 |
f |
f |
|i 03c03d8c-af35-5450-9fb4-4f6895bacbe4
|s c7d0dc8e-3408-534a-aa50-c5bc0cc3c54e
|
| 952 |
f |
f |
|p Can circulate
|a CAVAL
|b CAVAL
|c CAVAL
|d CARM 1 Store
|e B08109
|f A1:AO07A0
|h Other scheme
|i book
|m 0359101
|